LEADER 01281nam1 2200421 450 001 990005940930203316 005 20140401104747.0 010 $a978-88-13-30898-8 035 $a000594093 035 $aUSA01000594093 035 $a(ALEPH)000594093USA01 035 $a000594093 100 $a20140401d2014----km-y0itay50------ba 101 $aita 102 $aIT 105 $a||||||||001yy 200 1 $aDiritto industriale italiano$fMassimo Scuffi, Mario Franzosi 210 $aPadova$cCedam$d2014 215 $a2 tomi$d24 cm 410 0$12001 454 1$12001 461 1$1001-------$12001 463 \1$1001990005941000203316$12001 $a<> Diritto sostanziale 463 \1$1001990005941010203316$12001 $a<> Diritto procedimentale e processuale 606 0 $aDiritto industriale$xItalia$2BNCF 676 $a346.45048 700 1$aSCUFFI,$bMassimo$0262430 701 1$aFRANZOSI,$bMario$0227437 801 0$aIT$bsalbc$gISBD 912 $a990005940930203316 951 $add$bG.$ccc 959 $aBK 969 $aGIU 979 $aFIORELLA$b90$c20140401$lUSA01$h0951 979 $aFIORELLA$b90$c20140401$lUSA01$h1045 979 $aFIORELLA$b90$c20140401$lUSA01$h1047 996 $aDiritto industriale italiano$91072676 997 $aUNISA LEADER 00909nam0-22003011i-450- 001 990006864440403321 005 20050524123327.0 035 $a000686444 035 $aFED01000686444 035 $a(Aleph)000686444FED01 035 $a000686444 100 $a20010426d1998----km-y0itay50------ba 101 0 $aita 105 $ay-------001yy 200 1 $a<>reform of the common agricultural policy$fedited by Ken A. Ingersent, A. J. Rayner and R. C. Hine 210 $aLondon$cMacmillan Press$aNew York$cSt. Martin's Press$d1998 215 $aXIV, 224 p.$d22 cm 676 $a338.184 702 1$aHine,$bRobert C. 702 1$aIngersent,$bKen A. 702 1$aRayner$bA. J. 801 0$aIT$bUNINA$gRICA$2UNIMARC 901 $aBK 912 $a990006864440403321 952 $aVII A 597$b32361$fFSPBC 959 $aFSPBC 996 $aReform of the common agricultural policy$9393992 997 $aUNINA LEADER 00942nam--2200337---450 001 990003662570203316 005 20220523103031.0 035 $a000366257 035 $aUSA01000366257 035 $a(ALEPH)000366257USA01 035 $a000366257 100 $a20120517d1966----km-y0itay50------ba 101 $ager 102 $aDE 105 $a||||||||001yy 200 1 $a<> Tempel der Griechen$fGottfried Gruben$gaufnahmen von Max Hirmer 210 $aMünchen$cHirmer$d1966 215 $a480 p., 1 carta di tav.$cill.$d22 cm 225 2 $aReise und Studium 410 0$12001$aReise und Studium 606 0 $aTempli greci$2BNCF 676 $a722.8 700 1$aGRUBEN,$bGottfried$036083 702 1$aHIRMER,$bMax 801 0$aIT$bsalbc$gISBD 912 $a990003662570203316 951 $aXI.3.B. 653$b52766 L.M.$cXI.3.B.$d00310919 959 $aBK 969 $aUMA 996 $aTempel der Griechen$9941965 997 $aUNISA